| 000 | 00872nam a22002417a 4500 | ||
|---|---|---|---|
| 999 |
_c6911 _d6911 |
||
| 003 | AR-CdUCM | ||
| 008 | 190319b ||||| |||| 00| 0 spa d | ||
| 040 |
_aMUNICIPALIDAD PROVINCIAL DEL CUSCO _cBIBLIOTECA MUNICIPAL DEL CUSCO |
||
| 041 | _heng | ||
| 082 |
_24ed. _a610.22 / _bB45 |
||
| 100 |
_aBernstein, Arthur _919477 |
||
| 245 | _aManual de urgencias medicoquirúrgicas / | ||
| 260 |
_aMéxico, D. F : _bInteramericana, _c1972. |
||
| 300 |
_a432 páginas ; _c17 cm. |
||
| 505 | _aAerosol, terapéutica -- Anatomía patológica - Anestesia -- Anti coagulantes, terapéutica -- Apendicitis aguda -- Asma bronquial -- Barbitúricos ... | ||
| 650 |
_aMedicina _93637 |
||
| 650 |
_aTerapéutica _919478 |
||
| 650 |
_aEnfermedad _919479 |
||
| 700 |
_aFolch, Alberto _919480 |
||
| 710 |
_aCentro regional de ayuda técnica _910048 |
||
| 942 |
_2ddc _cLIBROS |
||
| 945 | _aacv | ||